00439nam a2200121Ia 4500008004100000100003600041245008600077245003600163260005900199650001800258650001500276856002600291170221s9999 xx 000 0 und d aMark Leccese Meredith M. Regan. aAngry Words: A Content Analysis of Emotion in Political Blogs and Op-Ed Columns  cMark Leccese Meredith M. Regan. bOnline Journal of Communication and Media Technologies xCommunication xMedia Arts uhttp://www.ojcmt.net/